A Star Wars Quiz - Statistics

General Stats
  • This quiz has been taken 15 times
  • The average score is 4 of 16
Answer Stats
Hint Answer % Correct
Planet where Cloud City is located Bespin
71%
Capital planet of both the Galactic Republic and the Galactic Empire Coruscant
71%
The "Fastest Ship in the Galaxy" Millennium Falcon
57%
Apprentice of Yoda, Master of Qui-Gon Jinn, and Darth Tyrannus Count Dooku
43%
Creator of the Rule of Two Darth Bane
36%
Darth Vader's Secret Apprentice Galen Marek/Starkiller
21%
The "Bothan Spy Lady" Mon Mothma
21%
Former Apprentice of Anakin Skywalker and Rogue Jedi who survived the Purge Ahsoka Tano
14%
The "Clone Who Knew Too Much" "Fives"
14%
Zabrak assassin and brother/apprentice to Darth Maul Savage Oppress
14%
Capital city of Naboo Theed
14%
Post-Purge Jedi who shared a birthdate with the Galactic Empire Ezra Bridger
7%
Qymaen jai Sheelal General Grievous
7%
Second Apprentice of Kit Fisto killed by Grievous Nahdar Vebb
7%
First victim of Darth Vader in "The Empire Strikes Back" Admiral Ozzel
0%
Company Wat Tambor worked for Techno Union
0%
No matching quizzes found
Score Distribution
Percent of People with Each Score
Percentile by Number Answered
Your Score History
You have not taken this quiz